000 00713nam a2200229 a 4500
001 BRCA_7937
005 20190320210047.0
008 070314s1971----u--a###f##---#000-0#eng-#
041 _aeng
044 _au
050 4 _aHM132
_b.F54
_c1971
100 1 _aFleishman, Alfred
_919651
245 1 0 _aSense and nonsense
_ba study human communication
_cby Alfred Fleishman.
260 _aSan Francisco (California)
_bInternational Society for General Semantics
_c1971
300 _a1 v. (sin paginación)
_bil.
_c28 cm.
500 _a3024
650 1 4 _aComunicación humana
_vEstudio
_919652
650 1 4 _aRelaciones interpersonales
_vEstudio
_919653
650 1 4 _aSociología
_919386
902 _aGFM
942 _2lcc
_cB
999 _c7607
_d7607